00633nam a2200157Ia 4500008004100000041001200041100001300053245009100066260005000157300000800207650001500215700001600230942000700246999001700253952020500270221030s9999 xx 000 0 und d aEnglish aB. Singh 0aGeneral Studies Volume II : History of India & Indian Politycby B. Singh, A. P. Singh bMade Easy Engg. India CentreaNew Delhic2010 a191 aBb General aA. P. Singh cBK c18280d18280 pBB 948hIIl0eDonated by Mr. Avinash ( Ex Student CSE - 2004 )r2022-10-30 00:00:00w2022-10-30yBK003Print4070aMIETLIBbMIETLIBcBL-Academic Block B, FL-2, CUP-100, SH-5, R-5d2019-05-2010HBB